Classement pays Miss Monde - Statistiques

Statistiques générales
  • Ce quiz a été pris 275 fois
  • Le résultat moyen est 9 sur 15
Statistiques - réponses
Nombre de gagnantes Pays % Correct
8 Etats-Unis
94%
2 Brésil
77%
2 Mexique
77%
2 Japon
73%
2 Canada
72%
2 Inde
72%
2 Colombie
71%
7 Vénézuéla
66%
2 Australie
63%
3 Suède
59%
2 Philippines
49%
2 Thailande
44%
2 Finlande
41%
5 Porto Rico
16%
2 Trinité-et-Tobago
7%
Aucun quiz correspondant
Distribution des résultats
% des personnes avec chaque résultat
Percentile par nombre de réponses
Votre historique - résultats
Vous n’avez pas pris ce quiz